Normal view MARC view
  • Subbarao, Wunnava V

Entry Personal Name

Number of records used in: 2

001 - CONTROL NUMBER

  • control field: 112309

003 - CONTROL NUMBER IDENTIFIER

  • control field: NUST

005 - DATE AND TIME OF LATEST TRANSACTION

  • control field: 20230515130202.0

008 - FIXED-LENGTH DATA ELEMENTS

  • fixed length control field: 230515|| aca||aabn | a|a d

040 ## - CATALOGING SOURCE

  • Original cataloging agency: NUST
  • Transcribing agency: NUST

100 ## - HEADING--PERSONAL NAME

  • Personal name: Subbarao, Wunnava V

670 ## - SOURCE DATA FOUND

  • Source citation: Work cat.: (NUST)176059: Subbarao, Wunnava V., 16/32 -Bit Microprocessors :, c1991.
© 2023 Central Library, National University of Sciences and Technology. All Rights Reserved.